000 00334nam a22001457a 4500
020 _a81-7806-165-1
082 _a494
_bMAT/P
100 _aMAADHUR,PRABHA
245 _aPARYAVARAN KEE KAHANI
_bKVITHAOM KEE JUBHANI
250 _aFIRST
260 _aDELHI
_bUNICORN BOOKS
_c2009
300 _a47
650 _aPOETRY
_zDELHI
942 _cBK
999 _c4421
_d4421